000 00291nam a22001337a 4500
008 180112b xxu||||| |||| 00| 0 eng d
020 _a9781305315471
041 _aeng
080 _a510
100 _a36
101 _aMAT
245 _aCollege Algebra
_cHungerford, TH.W
942 _2udc
_cBK
999 _c40228
_d40228